00561nam a2200181Ia 4500003000900000008004100009020002200050040001600072080001500088245009900103260004500202300002300247650002200270650001500292700002100307700002400328700002700352IN-BaIIA211028s9999 xx 000 0 eng d a978-81-8487-373-3 cIIA Library a538.6bGUI 2aA guide to synchroton radiation sciencecedited by Makoto Watanabe, Shigeru Sato and Ian Munro aNew DelhibNarosa Publishing Housec2016 a[various pagings.] aRadiative science aSynchroton aMunro, Ian., ed. aSato, Shigeru., ed. aWatanabe, Makote., ed.